| 000 | 00840nam a2200229 a 4500 | ||
|---|---|---|---|
| 001 | 71339 | ||
| 003 | BD-RjUL | ||
| 005 | 20211209082113.0 | ||
| 008 | 170502s2008 ii |||| |||| 000 0 ben d | ||
| 020 |
_a9788129507617 _c: Tk. 300.00 |
||
| 035 | _a(BD-RjUL)71555 | ||
| 040 |
_aBD-RjUL _bben _cBD-RjUL _dBD-RjUL |
||
| 041 | _aben | ||
| 082 |
_223 _a891.443 _bGAD 2008 |
||
| 100 | 1 |
_aগঙ্গোপাধ্যায়, শ্যামল _9211112 |
|
| 245 | 1 | 0 |
_aদশটি উপন্যাস / _cশ্যামল গঙ্গোপাধ্যায় |
| 260 |
_aকলকাতা : _bদে'জ পাবলিশিং, _c২০০৮ [১৪১৪] |
||
| 300 |
_a৫৬৮ পৃ. ; _c২৮ সেমি. |
||
| 650 |
_aবাংলা উপন্যাস _9211113 |
||
| 650 |
_aBengali Fiction _9211114 |
||
| 942 |
_2ddc _cBK |
||
| 999 |
_c71339 _d71339 |
||